| 000 | 00539nam a2200169Ia 4500 | ||
|---|---|---|---|
| 008 | 180921t2016 xxu||||| |||| 00| 0 sin d | ||
| 041 | _asin | ||
| 080 |
_aX8සි2 _bKUM |
||
| 100 | _aKumarihami,D.S.S | ||
| 245 | _aඋන්මාදන්තී වේදිකා නාට්යය ජාතක කතාව ඇසුරෙනි | ||
| 246 | _aUmmadanthi:Wedika Natya Jathaka Kathawa Esureni | ||
| 260 |
_bGodage _aColombo _c2016 |
||
| 300 | _b52p, 21cm | ||
| 942 | _cBK | ||
| 999 |
_c3130 _d3130 |
||
| 003 | LK-CoDNM | ||
| 040 |
_aLK-CoDNM _dLK-CoDNM _eLK-CoDNM |
||